| 000 | 00410cam a2200169ua 4500 | ||
|---|---|---|---|
| 020 | _c0.75 | ||
| 041 |
_amal _h |
||
| 082 |
_a894.8122 _bCHA/DW |
||
| 100 | _aChandrasekharan, Nair . | ||
| 245 |
_aDwiveni / _cChandrasekharan Nair. _hTextual Documents |
||
| 260 |
_a : _bSree Nikethan Publications , _c1963. |
||
| 300 | _a40 ; . | ||
| 365 | _a0.75 | ||
| 504 | _a | ||
| 942 | _cBK | ||
| 999 |
_c4798 _d4798 |
||